000 00664cam a2200205 a 4500
001 000019396
005 20200929170015.0
008 790514s1965 sp 001 f spa d
040 _aDO-SdBNP
_bspa
_cBNPHU
082 _a863.5
_bF363b
100 1 _aFernández Flórez, Wenceslao
_d1879-1964
_941649
245 1 3 _aEl bosque animado /
_cWenceslao Fernández Flórez.
260 _aMadrid, (España) :
_bEditorial Espasa-Calpe,
_c1965.
300 _a218, [16] p. ;
_c18 cm.
490 1 _aAustral.
_v1356
500 _aIncluye índice de autores
650 4 _aNovela española
_91123
650 4 _aLiteratura española
_9632
650 4 _aVida cotidiana
_xNovela
_913425
999 _c18912
_d18912